Ronnie O'Sullivan Trivia - Statistics

General Stats
  • This quiz has been taken 5 times
  • The average score is 13 of 23
Answer Stats
Hint Answer % Correct
What is his nationality? English
100%
What is his famous nickname? The Rocket
100%
In 2019, he became the first player to reach how many breaks? 1000
80%
What is his highest break? 153
80%
How many maximum breaks has he made? 17
80%
In which year did he win his first World Championship? 2001
80%
How many Triple Crown titles has Ronnie won? 23
80%
How many ranking titles did O'Sullivan win? 41
80%
He holds the record for the fastest maximum break, how long did it take? 5 minutes 8 seconds | 5:08
80%
How many World Championship titles has he won? 7
80%
Ronnie often complained about the venue of the World Championships, what is its name? The Crucible
80%
Which tournament has he won a record 8 times? The Masters
60%
Which ranking tournament did he win at the age of 17 years old? UK Championship
60%
Do you know the amount of that prize money? £10,000 | 10,000 pounds
40%
He is famous for being ambidextrous, what does this mean? Can play with both hands
40%
What clothing item did he famously remove at the 2015 World Grand Prix? His shoes
40%
What is the name of the documentary made about him? The Edge of Everything
40%
Can you name the three books Ronnie wrote? Double Kiss
20%
Can you name the three books Ronnie wrote? Framed
20%
What is the name of his autobiography? Running
20%
Can you name the three books Ronnie wrote? The Break
20%
At what tournament did he refuse to complete a 147 due to the pricing being too low? Welsh Open
20%
What is the name of Ronnie's crime novel series? Soho Nights
0%
No matching quizzes found
Score Distribution
Percent of People with Each Score
Percentile by Number Answered
Your Score History
You have not taken this quiz